Methods of environmental impact assessment. / (Record no. 6747)
[ view plain ]
| 000 -LEADER | |
|---|---|
| fixed length control field | 02170cam a2200421 a 4500 |
| 001 - CONTROL NUMBER | |
| control field | 15378058 |
| 003 - CONTROL NUMBER IDENTIFIER | |
| control field | OSt |
| 005 - DATE AND TIME OF LATEST TRANSACTION | |
| control field | 20210414114617.0 |
| 008 - FIXED-LENGTH DATA ELEMENTS--GENERAL INFORMATION | |
| fixed length control field | 080723s2009 enkab b 001 0 eng |
| 010 ## - LIBRARY OF CONGRESS CONTROL NUMBER | |
| LC control number | 2008032569 |
| 020 ## - INTERNATIONAL STANDARD BOOK NUMBER | |
| International Standard Book Number | 9780415441742 (hardback : alk. paper) |
| 020 ## - INTERNATIONAL STANDARD BOOK NUMBER | |
| International Standard Book Number | 0415441749 (hardback : alk. paper) |
| 020 ## - INTERNATIONAL STANDARD BOOK NUMBER | |
| International Standard Book Number | 9780415441759 (pbk. : alk. paper) |
| 020 ## - INTERNATIONAL STANDARD BOOK NUMBER | |
| International Standard Book Number | 0415441757 (pbk. : alk. paper) |
| 020 ## - INTERNATIONAL STANDARD BOOK NUMBER | |
| International Standard Book Number | 9780203892909 (ebook) |
| 020 ## - INTERNATIONAL STANDARD BOOK NUMBER | |
| International Standard Book Number | 0203892909 (ebook) |
| 035 ## - SYSTEM CONTROL NUMBER | |
| System control number | (OCoLC)ocn236082874 |
| 040 ## - CATALOGING SOURCE | |
| Original cataloging agency | DLC |
| Transcribing agency | DLC |
| Modifying agency | BAKER |
| -- | BWK |
| -- | YDXCP |
| -- | YDX |
| -- | C#P |
| -- | CDX |
| -- | DLC |
| 043 ## - GEOGRAPHIC AREA CODE | |
| Geographic area code | e-uk--- |
| -- | e------ |
| 050 00 - LIBRARY OF CONGRESS CALL NUMBER | |
| Classification number | TD194.68.G7 M48 |
| 082 00 - DEWEY DECIMAL CLASSIFICATION NUMBER | |
| Classification number | 333.71/4 |
| Edition number | 22 |
| 245 00 - TITLE STATEMENT | |
| Title | Methods of environmental impact assessment. / |
| Statement of responsibility, etc. | edited by Peter Morris and Riki Therivel. |
| 250 ## - EDITION STATEMENT | |
| Edition statement | 3rd ed. |
| 260 ## - PUBLICATION, DISTRIBUTION, ETC. | |
| Place of publication, distribution, etc. | New York : |
| Name of publisher, distributor, etc. | Routledge, |
| Date of publication, distribution, etc. | 2009. |
| 300 ## - PHYSICAL DESCRIPTION | |
| Extent | xvi, 560 p. : |
| Other physical details | ill., maps ; |
| Dimensions | 24 cm. |
| 490 1# - SERIES STATEMENT | |
| Series statement | The natural and built environment series |
| 504 ## - BIBLIOGRAPHY, ETC. NOTE | |
| Bibliography, etc. note | Includes bibliographical references and index. |
| 505 ## - FORMATTED CONTENTS NOTE | |
| Formatted contents note | Contents: Part I: Methods for environmental components: Introduction -- Socio-economic impacts 1: overview and economic impacts -- Socio-economic impacts 2: social impacts -- Noise -- Transport -- Landscape and visual -- Heritage -- Air quality and climate -- Soils, geology and geomorphology -- Water -- Ecology -- Coastal ecology and geomorphology -- Part II: Shared and integrative methods: Environmental risk management -- Geograhpical information systems and EIA -- Quality of life capital -- Sustainable development and sustainability appraisal. |
| 650 #0 - SUBJECT ADDED ENTRY--TOPICAL TERM | |
| Topical term or geographic name entry element | Environmental impact analysis |
| Geographic subdivision | Great Britain. |
| 650 #0 - SUBJECT ADDED ENTRY--TOPICAL TERM | |
| Topical term or geographic name entry element | Environmental impact analysis |
| Geographic subdivision | European Union countries. |
| 700 1# - ADDED ENTRY--PERSONAL NAME | |
| Personal name | Morris, Peter. |
| Dates associated with a name | 1934- |
| 700 1# - ADDED ENTRY--PERSONAL NAME | |
| Personal name | Therivel, Riki. |
| Dates associated with a name | 1960- |
| 830 #0 - SERIES ADDED ENTRY--UNIFORM TITLE | |
| Uniform title | Natural and built environment series. |
| 856 41 - ELECTRONIC LOCATION AND ACCESS | |
| Materials specified | Table of contents only |
| Uniform Resource Identifier | <a href="http://www.loc.gov/catdir/toc/ecip0824/2008032569.html">http://www.loc.gov/catdir/toc/ecip0824/2008032569.html</a> |
| 906 ## - LOCAL DATA ELEMENT F, LDF (RLIN) | |
| a | 7 |
| b | cbc |
| c | orignew |
| d | 1 |
| e | ecip |
| f | 20 |
| g | y-gencatlg |
| 942 ## - ADDED ENTRY ELEMENTS (KOHA) | |
| Source of classification or shelving scheme | Library of Congress Classification |
| Koha item type | Books |
| Withdrawn status | Lost status | Source of classification or shelving scheme | Damaged status | Not for loan | Home library | Current library | Shelving location | Date acquired | Total Checkouts | Full call number | Barcode | Date last seen | Copy number | Price effective from | Koha item type |
|---|---|---|---|---|---|---|---|---|---|---|---|---|---|---|---|
| Library of Congress Classification | WISCONSIN INTERNATIONAL UNIVERSITY COLLEGE, GHANA - MAIN LIBRARY | WISCONSIN INTERNATIONAL UNIVERSITY COLLEGE, GHANA - MAIN LIBRARY | 25/10/2018 | TD194.68.G7 M48 | 7414/443/13 | 25/10/2018 | 1 | 25/10/2018 | Books |
